00507nam a2200193 a 4500001001300000003000900013005001700022008004100039020001000080082001300090100001900103245004800122260004700170300000800217500003500225505001700260650001700277700001900294nice12345678IN_TiNIC20260116011316.0050524s1941 boma grp 000 0 hin  ac10000a232bJON aJones, L Bevan aSarvttam Mitrb the Best Friend in Marathi. aBombaybChristian Literature Servicec1941 a51p aincludes index and biblioraphy2 aBibliography aJesus Christ1 aJones, L Bevan